000 00613nam a2200217 a 4500
001 BRL_148
005 20190320210617.0
008 181012s1954----u--a######---#000-0#eng-u
041 _aeng
044 _au
050 4 _aND553.R66
_b.G46 1954
245 1 0 _aGeorges Rouault
_ctext by Jacques Maritain.
260 _aEstados Unidos
_bHarry N. Abrams
_c1954
300 _a5 p.
_bil., 15 láminas
_c38 cm.
440 0 _a16 Beautiful ful color prints
_923043
500 _aAu174
600 1 4 _aRouault, Georges
_d1871-1958.
_916570
700 1 _aMaritain, Jacques
_d1882-1973.
_923044
902 _aGRL
942 _2lcc
_cB
999 _c8961
_d8961